000 00976nam a22002057a 4500
003 OSt
005 20170608093048.0
008 150408b2008 slv spa
040 _cBMC
082 _a630.7284
100 1 _936001
_aSolito Flores, Jaime Rodolfo
245 1 0 _aConstrucción de dos invernaderos semi-artesanales para producción de tomate (Lyccopersicon esculentum) en el municipio de Turín, departamento de Ahuachapán
_b: Proyecto
_cJaime Rodolfo Solito Flores
260 _aSanta Ana (El Salvador)
_bUniversidad Católica de El Salvador
_c2008
300 _a74 h.
_c28 cm
_e+ 1 disco compacto
500 _aPrecede al tít.: Universidad Católica de El Salvador, Facultad de Ingeniería y Arquitectura
502 _aTrabajo de graduación para optar al grado académico de Ingeniero Agrónomo
650 2 4 _933273
_aAgronomía
_zEl Salvador
710 2 _91166
_aUniversidad Católica de El Salvador
_bFacultad de Ingeniería y Arquitectura
942 _2ddc
_cTG
999 _c22275
_d22275